000 00616cam a22002053a 4500
001 39949
003 PGUSA
005 20140828083906.0
008 120608s2012||||xxu|||||s|||||000 | eng d
040 _aPGUSA
_beng
042 _adc
100 1 _aVeblen, Thorstein,
_d1857-1929
245 1 4 _aThe Place of Science in Modern Civilisation and Other Essays
_h[electronic resource] /
_cThorstein Veblen
260 _bProject Gutenberg,
_c2012
506 _aPublic domain in the USA.
516 _aElectronic text
830 0 _aProject Gutenberg
_v39949
856 4 0 _uhttp://www.gutenberg.org/ebooks/39949
942 _cEB
999 _c269202
_d269202